00740cam a2200241 a 45000010009000000050017000090080041000260100017000670200025000840400018001090410008001270420008001350800012001430820016001551000007001711010008001782450076001865040051002629060045003139420012003589990017003709520111003871740538720171215081923.0120727s2013 nyuab b 001 0 eng  a 2012027834 a9780393912388 (pbk.) aDLCcDLCdDLC aeng apcc a327 FRI00a327 FRI2231 a19 aPOL10aWorld politics :cJeffry A. Frieden, David A. Lake, Kenneth A. Schultz. aIncludes bibliographical references and index. a7bcbccorignewd1eecipf20gy-gencatlg 2ddccBK c39028d39028 00102udc40708PËKGa002b002cPËKGd2017-12-15l0o327 FRIp002-2939422r2017-12-15w2017-12-15yBK